Revival Phenomena / (Record no. 3431)

MARC details
000 -LEADER
fixed length control field 00444nam a2200181Ia 4500
003 - CONTROL NUMBER IDENTIFIER
control field GBCCL
005 - DATE AND TIME OF LATEST TRANSACTION
control field 20241126110454.0
008 - FIXED-LENGTH DATA ELEMENTS--GENERAL INFORMATION
fixed length control field 171128b xxu||||| |||| 00| 0 eng d
020 ## - INTERNATIONAL STANDARD BOOK NUMBER
International Standard Book Number 1 85240 187 7
040 ## - CATALOGING SOURCE
Transcribing agency gbc
082 ## - DEWEY DECIMAL CLASSIFICATION NUMBER
Classification number 269.24
Item number DYE
100 ## - MAIN ENTRY--PERSONAL NAME
Personal name Dye, Colin
9 (RLIN) 6973
245 ## - TITLE STATEMENT
Title Revival Phenomena /
Statement of responsibility, etc. Colin Dye
260 ## - PUBLICATION, DISTRIBUTION, ETC.
Name of publisher, distributor, etc. Sovereign World,
Place of publication, distribution, etc. England:
Date of publication, distribution, etc. 1996
300 ## - PHYSICAL DESCRIPTION
Extent 92p.;
Dimensions 20 cm.
650 ## - SUBJECT ADDED ENTRY--TOPICAL TERM
Topical term or geographic name entry element Revival
9 (RLIN) 6886
942 ## - ADDED ENTRY ELEMENTS (KOHA)
Source of classification or shelving scheme Dewey Decimal Classification
Koha item type Books
Holdings
Withdrawn status Lost status Source of classification or shelving scheme Damaged status Not for loan Home library Current Library Shelving location Date acquired Total checkouts Full call number Barcode Date last seen Copy number Price effective from Koha item type
    Dewey Decimal Classification     GRACE BIBLE COLLEGE GRACE BIBLE COLLEGE Ministry & Mission 2017-11-28   269.24 DYE 009369 2025-05-01 c.1 2017-11-28 Books
© Grace Bible College Library 2025